<?xml version="1.0" encoding="UTF-8"?>
<record
    xmlns:xsi="http://www.w3.org/2001/XMLSchema-instance"
    xsi:schemaLocation="http://www.loc.gov/MARC21/slim http://www.loc.gov/standards/marcxml/schema/MARC21slim.xsd"
    xmlns="http://www.loc.gov/MARC21/slim">

  <leader>00754nam a2200181Ia 4500</leader>
  <controlfield tag="003">IN-BaIIA</controlfield>
  <controlfield tag="008">211028s9999    xx            000 0 eng d</controlfield>
  <datafield tag="040" ind1=" " ind2=" ">
    <subfield code="c">IIA Library</subfield>
  </datafield>
  <datafield tag="080" ind1=" " ind2=" ">
    <subfield code="a">523.9(082.2)</subfield>
    <subfield code="b">IAU</subfield>
  </datafield>
  <datafield tag="111" ind1=" " ind2=" ">
    <subfield code="a">Symposium&#xA0;on&#xA0;solar-terrestrial&#xA0;physics</subfield>
    <subfield code="c">Russia</subfield>
    <subfield code="d">1970 May 12-19</subfield>
    <subfield code="9">6217</subfield>
  </datafield>
  <datafield tag="245" ind1=" " ind2="0">
    <subfield code="a">solar-terrestrial physics</subfield>
    <subfield code="b">proceedings of the&#xA0;International&#xA0;Symposium&#xA0;on&#xA0;Solar-Terrestrial&#xA0;Physics&#xA0;held in Leningrad, U.S.S.R. 12-19 May 1970</subfield>
    <subfield code="c">edited by E. R. Dyer</subfield>
  </datafield>
  <datafield tag="260" ind1=" " ind2=" ">
    <subfield code="a">USSR</subfield>
    <subfield code="b">The Secretariat of the Inter-Union Commission on Solar</subfield>
    <subfield code="c">1970</subfield>
  </datafield>
  <datafield tag="650" ind1=" " ind2=" ">
    <subfield code="a">Astronomy and astrophysics thesaurus</subfield>
  </datafield>
  <datafield tag="650" ind1=" " ind2=" ">
    <subfield code="a">Solar terrestrial physics</subfield>
    <subfield code="9">5220</subfield>
  </datafield>
  <datafield tag="700" ind1=" " ind2=" ">
    <subfield code="a">Dyer, E. R., ed.</subfield>
    <subfield code="9">6218</subfield>
  </datafield>
  <datafield tag="710" ind1=" " ind2=" ">
    <subfield code="a">International Astronomical Union</subfield>
  </datafield>
  <datafield tag="942" ind1=" " ind2=" ">
    <subfield code="c">BK</subfield>
  </datafield>
  <datafield tag="999" ind1=" " ind2=" ">
    <subfield code="c">3512</subfield>
    <subfield code="d">3512</subfield>
  </datafield>
  <datafield tag="952" ind1=" " ind2=" ">
    <subfield code="0">0</subfield>
    <subfield code="1">0</subfield>
    <subfield code="4">0</subfield>
    <subfield code="7">0</subfield>
    <subfield code="a">BAN</subfield>
    <subfield code="b">BAN</subfield>
    <subfield code="c">GEN</subfield>
    <subfield code="d">1970-07-01</subfield>
    <subfield code="l">0</subfield>
    <subfield code="o">523.9(082.2)/ IAU</subfield>
    <subfield code="p">3911</subfield>
    <subfield code="r">2021-11-05</subfield>
    <subfield code="w">1970-07-01</subfield>
    <subfield code="y">BK</subfield>
    <subfield code="G">Free</subfield>
  </datafield>
</record>
